| 000 | 00628nas a2200217 4500 | ||
|---|---|---|---|
| 001 | BR8804463 | ||
| 003 | BR-BrBNA | ||
| 005 | 20231205091237.0 | ||
| 007 | ta | ||
| 008 | 230509b bl.|||p| |||| 00| 00por d | ||
| 040 |
_aBR-BrBNA _bpor _cBiblioteca Nacional de Agricultura |
||
| 041 | _a(Pt) | ||
| 072 | _aL73 | ||
| 100 | 1 | _aCalnek, B.W. | |
| 245 | 1 | _aNovos conceitos sobre a patogenese da doenca de marek | |
| 650 | _aFRANGO | ||
| 650 | _aMAREK | ||
| 773 | 0 |
_tAvicultura Industrial (Brazil) _xISSN 0101-2258 _g(Oct 1987), v. 77(934) p. 24-28 _wBR8804463 |
|
| 909 |
_a202311 _bLúcia _c55 _dLúcia Elande |
||
| 942 |
_2AGRIS _n0 _cANA |
||
| 999 |
_c123812 _d123812 |
||